mysqli: Table './ulib62015/stat_globaluid' is marked as crashed and should be repaired
select id from stat_globaluid where statuid='20260517200113_3495'
mysqli: Table './ulib62015/stat_globaluid' is marked as crashed and should be repaired
DELETE FROM stat_globaluid
WHERE id NOT IN (
SELECT id
FROM (
SELECT id
FROM stat_globaluid
ORDER BY id DESC
LIMIT 100
) foo
);
mysqli: Table './ulib62015/stat_globaluid' is marked as crashed and should be repaired
insert into stat_globaluid set
statuid='20260517200113_3495',
dt='1779022873',
phpself='/ULIB62015/dublinfull.php',
agent='Mozilla/5.0 AppleWebKit/537.36 (KHTML, like Gecko; compatible; ClaudeBot/1.0; +claudebot@anthropic.com)',
yea='2026',
mon='5',
dat='17',
ip='216.73.216.45'
mysqli: Table './ulib62015/stathist_viewbib_bib_type' is marked as crashed and should be repaired
insert into stathist_viewbib_bib_type set
dat='17' ,
mon='05' ,
yea='2026' ,
statuid='20260517200113_3495' ,
head='13399121445' ,
foot='marc' ,
dt='1779022873'
| LEADER : 00000nam 2200000uu 4500 |
| 001 13399121445 |
| 003 ULIB |
| 008 160331s||||||||th 000 0 tha d |
| 020 ^a9780470598900
|
| 060 04 ^aQS25^bA425l 2011
|
| 100 0 ^aAllen, Connie
|
| 245 10 ^aLaboratory Manual for Anatomy and Physiology /^cConnie Allen, Valerie Harper.
|
| 260 ^aHoboken, NJ :^b Wiley,^cc2011.
|
| 300 ^axiii, 738 pages :^billustrations ;^c28 cm.
|
| 650 0 ^aHuman anatomy^vLaboratory manuals.
|
| 650 2 ^aHuman physiology^vLaboratory manuals.
|
| 700 0 ^aHarper, Valerie
|
| 945 ^p3000^l0^i022944 |
| 999 ^a57066
|
| คุณยังไม่ได้ล็อกอิน คุณสามารถมีกิจกรรมร่วมกับเว็บไซต์ได้ แต่ต้องล็อกอินก่อน :: |
|
|
|
| ลำดับที่ |
ประเภท |
เลขเรียก/บาร์โค้ด |
สถานที่ |
สถานะ |
| 1. |
 หนังสือ | QS25 A425l 2011 Barcode: 022944 | หนังสือทั่วไป | บนชั้น ขอยืม |
|
ยังไม่เคยถูกคอมเมนท์
|
| คอมเมนท์ทรัพยากรรายการนี้ |
|